| 000 | 00598aas a2200181 4500 | ||
|---|---|---|---|
| 999 |
_c50109 _d50109 |
||
| 001 | 768714001 | ||
| 003 | CO-MdFUSB | ||
| 005 | 20170912151905.0 | ||
| 008 | 170912s2001 ag ||||| |||| 00| 0 spa d | ||
| 022 | _a0326-6737 | ||
| 040 |
_aCO-MdFUSB _bspa _cCO-MdFUSB _dCO-MdFUSB |
||
| 041 | _aspa | ||
| 100 | 1 |
_aSievers, Joseph _eautor |
|
| 245 | 1 | 0 |
_aJudaísmo y cristianismo a través de los rollos del mar muerto _c/ Sievers, Joseph |
| 300 |
_aVolumen 20 (2001), páginas 37-54 _c: 23 cm. |
||
| 773 | 0 |
_tCuadernos de Teología _049404 _959701 _gVolumen 20 (2001), páginas 37-54 _qPágina 37 |
|
| 942 | _cANA | ||